วิทยาลัยพยาบาลบรมราชชนนี ยะลา
ระบบห้องสมุดอัตโนมัติ ULIBM BCNYALA - V.6
เปลี่ยนเป็นภาษาไทย

Change to English
 แสดงรายละเอียดบรรณานุกรม
  กลับหน้าหลัก

Brief Record : Get Marc (ISO 2709) : E-mail record : QR code ปิดหน้าต่าง
การปรับเปลี่ยนวิธีคิด : ศาสตร์และศิลป์เพื่อการสร้างเสริมสุขภาพจิต Review โดย
ใช้งานได้ทุกระบบ
ห้องสมุดวพบ.ยะลา
ใช้งานได้ทุกระบบ เมื่อ21/เมษายน/2569
สารบัญ

บทที่ 1 แนวคิดพื้นฐานเกี่ยวกับชีวิตและความเจ็บป่วยของมนุษย์
บทที่ 2 การปรับเปลี่ยนวิธีคิดด้วยการรู้คิด - รู้พฤติกรรม
บทที่ 3 การปรับเปลี่ยนวิธีคิดด้วยวิธีการบำบัดที่มุ่งหาทางออก
บทที่ 4 การปรับเปลี่ยนวิธีคิดด้วยการคิดแบบโยนิโสมนสิการ
บทที่ 5 การใช้ศิลปะในการปรับเปลี่ยนวิธีคิด

E-books : เกี่ยวกับ Collections
LEADER 00000nam 2200000uu 4500
001    3847
003     ULIBM
008    260421s2565||||th 000 0 tha d
020    ^a9786165942515
060  0 ^aWM100^bส657ก
100 0  ^aสายใจ พัวพันธ์
245 00 ^aการปรับเปลี่ยนวิธีคิด : ศาสตร์และศิลป์เพื่อการสร้างเสริมสุขภาพจิต/^cสายใจ พัวพันธ์
250    ^aพิมพ์ครั้งที่ 2 (ฉบับปรับปรุง)
260    ^aชลบุรี :^bชลบุรีการพิมพ์,^c2565.
300    ^aก-ญ,243 หน้า :^bภาพประกอบ ;^c21 ซม.
650  7 ^aการส่งเสริมสุขภาพจิต ^xการพยาบาล
650  7 ^aสุขภาพจิต
999    ^aฮัซวานี
รายการนี้ยังไม่มีแท็ก
คุณยังไม่ได้ล็อกอิน คุณสามารถมีกิจกรรมร่วมกับเว็บไซต์ได้ แต่ต้องล็อกอินก่อน ::
  ล็อกอิน
ลำดับที่ ประเภท เลขเรียก สถานที่ สถานะ
1. หนังสือทางการพยาบาล
หนังสือสำรอง
สถานะ=หนังสือสำรอง
WM100 ส657ก 2565 ฉ.1 
  
ห้องสมุดวพบ.ยะลา
►หนังสือสำรอง
On Shelf
  ขอยืม
2. หนังสือทางการพยาบาล
หนังสือทางการพยาบาล
WM100 ส657ก 2565 ฉ.2 
  
ห้องสมุดวพบ.ยะลา
►หนังสือ ตำรา ทางการพยาบาล
On Shelf
  ขอยืม
3. หนังสือทางการพยาบาล
หนังสือทางการพยาบาล
WM100 ส657ก 2565 ฉ.3 
  
ห้องสมุดวพบ.ยะลา
►หนังสือ ตำรา ทางการพยาบาล
On Shelf
  ขอยืม
   [แสดง 3/3 รายการ]

รายการใกล้เคียง
    หัวเรื่อง [สุขภาพจิต]

BibComment


ยังไม่เคยถูกคอมเมนท์

คอมเมนท์ทรัพยากรรายการนี้
  คอมเมนท์: การปรับเปลี่ยนวิ..
Bib 3847

 
 
 

 Union Library Management : ULibM

ดูหนังออนไลน์

Copyright 2026. All Rights Reserved.